Disyuntiva actual de la educación superior (Registro nro. 59286)
[ vista simple ]
| 000 -ENCABEZADO | |
|---|---|
| Número de control [NR] | 01125nam a2200265Ia 4500 |
| 005 - FECHA Y HORA DE LA ÚLTIMA TRANSACCIÓN | |
| control field | 20211111080514.0 |
| 008 - DE LONGITUD FIJA DE DATOS DE ELEMENTOS - INFORMACIÓN GENERAL | |
| Elementos de longitud fija [NR] | 130821s2000 mx fr 1 spa d |
| 020 ## - NUMERO INTERNACIONAL NORMALIZADO PARA LIBROS [R] | |
| Número Internacional Normalizado del libro [NR] | 9683663044 |
| 040 ## - FUENTE DE CATALOGACION [NR] | |
| Agencia de catalogación original [NR] | Co-BoUCM |
| Idioma de catalogación [NR] | spa |
| Quien Cataloga | Saul Niño (Modificó) |
| Quien Clasifica | Saul Niño (Modificó) |
| 041 00 - CODIGO DE IDIOMA [R] | |
| Código de idioma para texto/pista de sonido o título separado [R] | Español |
| 245 00 - MENCION DE TITULO [NR] | |
| Título [NR] | Disyuntiva actual de la educación superior |
| Parte restante del título [NR] | documentos |
| Mención de responsabilidad, etc. [NR] | J. Rafael Campos Sánchez, compilador |
| 260 ## - PUBLICACION, DISTRIBUCION, ETC. (PIE DE IMPRENTA) [R] | |
| Lugar de publicación, distribución, etc. [R] | México D.F. (México) |
| Nombre del editor, distribuidor, etc. [R] | Praxis Universidad Nacional Autónoma de México |
| Fecha de publicación, distribución, etc. [R] | 2000 |
| 300 ## - DESCRIPCION FISICA [R] | |
| Extensión [R] | 153 páginas |
| 490 0# - MENCION DE SERIE [R] | |
| Mención de serie [R] | Antologías |
| 500 ## - NOTA GENERAL [R] | |
| Nota general [NR] | Incluye índice |
| 500 ## - NOTA GENERAL [R] | |
| Nota general [NR] | Compilation of documents, some issued by the World Bank or Unesco in 1994 and 1995, some presented at conferences by Unesco in 1996 and 1998. |
| 650 #7 - ASIENTO SECUNDARIO DE MATERIA - TERMINO TEMATICO [R] | |
| Término temático o nombre geográfico como elemento de entrada [NR] | Educación |
| Subdivisión de forma [R] | Congresos, conferencias, etc. |
| Subdivisión geográfica [R] | Latinoamérica |
| 9 (RLIN) | 13779 |
| 650 #7 - ASIENTO SECUNDARIO DE MATERIA - TERMINO TEMATICO [R] | |
| Término temático o nombre geográfico como elemento de entrada [NR] | Educación |
| Subdivisión de forma [R] | Congresos, conferencias, etc. |
| Subdivisión geográfica [R] | Colombia |
| 9 (RLIN) | 13779 |
| 690 #0 - ASUNTO AGREGADO LOCAL DE ENTRADA - TÉRMINO TEMÁTICO (OCLC, RLIN) | |
| Acceso temático local | Educación superior |
| 9 (RLIN) | 177 |
| 700 1# - ASIENTO SECUNDARIO - NOMBRE PERSONAL [R] | |
| Nombre personal [NR] | Campos Sánchez, J. Rafael |
| 9 (RLIN) | 78783 |
| 710 2# - ASIENTO SECUNDARIO - NOMBRE CORPORATIVO [R] | |
| Nombre corporativo o de jurisdicción como elemento de entrada [NR] | Unesco |
| 9 (RLIN) | 63065 |
| 710 2# - ASIENTO SECUNDARIO - NOMBRE CORPORATIVO [R] | |
| Nombre corporativo o de jurisdicción como elemento de entrada [NR] | World Bank |
| 9 (RLIN) | 4764 |
| 942 ## - ELEMENTOS DE ENTRADA AGREGADOS (KOHA) | |
| Tipo de ítem principal el descrito en 300a | Libro |
| Tema principal | Educación |
| Edición | 1 |
| Sistema de clasificación | DEWEY |
| Clasificación | 378.1 |
| Parte restante de la signatura top. | D614ac |
| Total préstamos | Signatura topográfica | Código de barras | Última vez visto | Ejemplar | Costo de reposición | Price effective from | Tipo de ítem | Nota pública (OPAC) | Perdido | Sistema de clasificación | Dañado | No prestable | Tipo de ítem específico | Suprimido | Ubicación habitual | Ubicación actual | Localización | Fecha de creación | Proveedor | Forma de adquisición | Costo |
|---|---|---|---|---|---|---|---|---|---|---|---|---|---|---|---|---|---|---|---|---|---|
| 378.1 D614ac | 100150252 | 04/12/2025 | Ej.1 | 26000.00 | 05/08/2016 | Libro | Galería de donantes | DEWEY | Libro | Claustro | Claustro | 3er piso | 05/08/2016 | 12 | Donación | 0.00 |